000 01104nam0a22003011 4500
001 RU\INFOCOMM_318\NLR\5000071768
005 20250613102322.0
035 _a(NLR Aleph) 009438887
090 _a8331706
_c8331706
100 _a20121126d1975 |||y0rusy50 ca
101 0 _aeng
102 _aRU
105 _ay z |||||
200 1 _aCanonical field quantization in an external time-dependent gravitational field: restrictions from the general properties of Feynman propagator
_fS. B. Il'yn, E. A. Tagirov
210 _aДубна
_d1975
215 _a22 с.
_d22 см
225 1 _aСообщения Объединенного института ядерных исследований
_vЕ2-8636
320 _aБиблиогр.: с. 22
606 _aКвантовая теория поля
_9961653
_3RU\NLR\AUTH\6640284
686 _aВ315
_2rubbk
700 1 _9z01790
_aIl'in
_bS. V.
_gSergej Vasil'evič
701 1 _aTagirov
_bE. A.
790 1 _9z01700
_aIl'yn
_bS. B.
_4070
801 1 _aRU
_bNLR
_c20121126
801 0 _aRU
_bINFOCOMM
_gPSBO
852 _aNLR
_jП11/2061
942 _cBOOK
980 _aNB